000
00280nam a22001217a 4500
008
180315b xxu||||| |||| 00| 0 eng d
041
_a
eng
080
_2
3rd
_a
334.7
100
_a
55
101
_a
MF
245
_a
Financial management core concepts
_c
Brooks,R.M
942
_2
udc
_c
BK
999
_c
45132
_d
45132